| Tag |
First Indicator |
Second Indicator |
Subfields |
| LEADER |
00000cam a2200000 a 4500 |
| 001 |
in00001162721 |
| 005 |
20151001085347.0 |
| 008 |
930520s1994 nbu s000 1 eng |
| 010 |
|
|
|a 93025205
|
| 020 |
|
|
|a 0803214561 (cl)
|
| 020 |
|
|
|a 0803263600 (pa)
|
| 035 |
|
|
|a (OCoLC)28214192
|
| 035 |
|
|
|9 AGF9216AM
|
| 040 |
|
|
|a DLC
|c DLC
|d TXA
|d UtOrBLW
|
| 041 |
1 |
|
|a eng
|h spa
|
| 049 |
|
|
|a TXAM
|
| 050 |
0 |
0 |
|a PQ7797.C412
|b M413 1994
|
| 082 |
0 |
0 |
|a 863
|2 20
|
| 100 |
1 |
|
|a Chacel, Rosa,
|d 1898-1994.
|
| 240 |
1 |
0 |
|a Memorias de Leticia Valle.
|l English
|
| 245 |
1 |
0 |
|a Memoirs of Leticia Valle /
|c Rosa Chacel ; translated and with an afterword by Carol Maier.
|
| 264 |
|
1 |
|a Lincoln :
|b University of Nebraska Press,
|c [1994]
|
| 264 |
|
4 |
|c ©1994
|
| 300 |
|
|
|a 199 pages ;
|c 23 cm.
|
| 336 |
|
|
|a text
|b txt
|2 rdacontent
|
| 337 |
|
|
|a unmediated
|b n
|2 rdamedia
|
| 338 |
|
|
|a volume
|b nc
|2 rdacarrier
|
| 490 |
1 |
|
|a European women writers series
|
| 830 |
|
0 |
|a European women writers series.
|
| 999 |
|
|
|a MARS
|
| 999 |
f |
f |
|s be7338af-4248-384a-8ba4-827b98695c44
|i 5f1cacc6-4a77-3b57-806d-1cd1b9c73f8b
|t 0
|
| 952 |
f |
f |
|p ric
|a Texas A&M University
|b Rellis Campus
|c Joint Library Facility
|d Remote Storage
|t 0
|e PQ7797.C412 M413 1994
|h Library of Congress classification
|i unmediated -- volume
|m A14818174187
|
| 998 |
f |
f |
|a PQ7797.C412 M413 1994
|t 0
|l Remote Storage
|